| 000 | 00483nam a2200169Ia 4500 | ||
|---|---|---|---|
| 003 | OSt | ||
| 005 | 20260305101234.0 | ||
| 008 | 211028s2007 xx 000 0 und d | ||
| 040 | _cAIMIT LIBRARY | ||
| 041 | _aeng | ||
| 100 |
_aBraganza, Alwyn J; Rakesh. _g40911030 _92649 |
||
| 110 |
_aRebello, Santhosh. _92650 |
||
| 245 | _aTASC tracking application for SMARTS certification / | ||
| 260 |
_aBangalore _c2007 |
||
| 710 |
_aRobosoft Technologies Pvt Ltd _92651 |
||
| 942 |
_2ddc _cPRO |
||
| 999 |
_c216968 _d216968 |
||